España (Record no. 60045)

MARC details
000 -LEADER
campo de control de longitud fija 00413nam a2200145 i 4500
001 - NÚMERO DE CONTROL
campo de control 60045
003 - IDENTIFICADOR DE NÚMERO DE CONTROL
campo de control ES-MaACL
007 - CAMPO FIJO DE DESCRIPCIÓN FÍSICA--INFORMACIÓN GENERAL
campo de control de longitud fija t|
008 - DATOS DE LONGITUD FIJA--INFORMACIÓN GENERAL
campo de control de longitud fija 031103s1983 sp ||||1| spa d
245 00 - MENCIÓN DEL TÍTULO
Título España
Resto del título : balance 1983 /
Mención de responsabilidad, etc. [Rafael López Pintor ... [et al.]].
260 ## - PUBLICACIÓN, DISTRIBUCIÓN, ETC.
Lugar de publicación, distribución, etc. [Madrid] :
Nombre del editor, distribuidor, etc. Oycos,
Fecha de publicación, distribución, etc. [1983]
300 ## - DESCRIPCIÓN FÍSICA
Extensión 190 p. ;
Dimensiones 24 cm.
700 1# - ENTRADA AGREGADA--NOMBRE PERSONAL
Nombre de persona López Pintor, Rafael.
9 (RLIN) 73893
852 ## - LOCALIZACIÓN
Ubicación ES-MaACL
Número de control de estantería L-5651
Sublocalización o colección R.106159
Holdings
Estatus retirado Estado de pérdida Estado de daño No para préstamo Biblioteca de origen Biblioteca actual Ubicación en estantería Fecha de adquisición Fuente de adquisición Total de préstamos Signatura topográfica completa Código de barras Visto por última vez Precio de reemplazo Tipo de ítem Koha
        Biblioteca del Ateneo de Madrid Biblioteca del Ateneo de Madrid Depósito 2 17/01/2008     L-5651 1062976 23/02/2023 23/02/2023 Libro impreso